|
|
|
|
| LEADER |
00000naa2a2200000 4500 |
| 001 |
623855 |
| 005 |
20231101133302.0 |
| 035 |
|
|
|a (RuTPU)RU\TPU\conf\22969
|
| 035 |
|
|
|a RU\TPU\conf\22968
|
| 090 |
|
|
|a 623855
|
| 100 |
|
|
|a 20171003d2017 k y0rusy50 ba
|
| 101 |
0 |
|
|a eng
|d eng
|
| 102 |
|
|
|a RU
|
| 105 |
|
|
|a y z 101zy
|
| 135 |
|
|
|a drcn ---uucaa
|
| 181 |
|
0 |
|a i
|
| 182 |
|
0 |
|a b
|
| 200 |
1 |
|
|a Optimized filtered backprojection tomographic reconstruction algorithm for step-shift scanning of the sample
|f A. H. Ozdiev
|
| 203 |
|
|
|a Текст
|c электронный
|
| 225 |
1 |
|
|a Эксплуатация исследовательских ядерных установок в мире: вызовы современности
|
| 230 |
|
|
|a 1 компьютерный файл (pdf; 523 Kb)
|
| 300 |
|
|
|a Заглавие с экрана
|
| 463 |
|
0 |
|0 (RuTPU)RU\TPU\conf\22967
|t Физико-технические проблемы в науке, промышленности и медицине
|o сборник тезисов докладов IX Международной научно-практической конференции, г. Томск, 21-22 сентября 2017 г.
|f Национальный исследовательский Томский политехнический университет (ТПУ) ; под ред. С. А. Байдали [и др.]
|v [С. 11]
|d 2017
|
| 610 |
1 |
|
|a труды учёных ТПУ
|
| 610 |
1 |
|
|a электронный ресурс
|
| 610 |
1 |
|
|a томографическая реконструкция
|
| 610 |
1 |
|
|a рентгеновский анализ
|
| 610 |
1 |
|
|a сканирование
|
| 610 |
1 |
|
|a алгоритмы
|
| 610 |
1 |
|
|a визуализация
|
| 700 |
|
1 |
|a Ozdiev
|b A. H.
|c physicist
|c design engineer at Tomsk Polytechnic University
|f 1990-
|g Ali Hosenovich
|2 stltpush
|3 (RuTPU)RU\TPU\pers\37253
|
| 712 |
0 |
2 |
|a Национальный исследовательский Томский политехнический университет (ТПУ)
|b Физико-технический институт (ФТИ)
|b Кафедра общей физики (ОФ)
|h 136
|2 stltpush
|3 (RuTPU)RU\TPU\col\18734
|
| 801 |
|
2 |
|a RU
|b 63413507
|c 20171006
|g RCR
|
| 856 |
4 |
|
|u http://earchive.tpu.ru/handle/11683/43134
|
| 942 |
|
|
|c BK
|